El manual de preservación de bibliotecas y archivos del Northeast Document Conservation Center / (Registro nro. 191576)
[ vista simple ]
| 000 -LEADER | |
|---|---|
| campo de control de longitud fija | 01142nam a2200277 i 4500 |
| 001 - NÚMERO DE CONTROL | |
| campo de control | 191576 |
| 003 - IDENTIFICADOR DE NÚMERO DE CONTROL | |
| campo de control | ES-MaACL |
| 005 - FECHA Y HORA DE LA ÚLTIMA TRANSACCIÓN | |
| campo de control | 20240213124347.0 |
| 008 - DATOS DE LONGITUD FIJA--INFORMACIÓN GENERAL | |
| campo de control de longitud fija | 220930s2000 cl 00 spa d |
| 040 ## - FUENTE DE CATALOGACIÓN | |
| Centro catalogador/agencia de origen | BUDC |
| 245 03 - MENCIÓN DEL TÍTULO | |
| Título | El manual de preservación de bibliotecas y archivos del Northeast Document Conservation Center / |
| Mención de responsabilidad, etc. | editado por Sherelyn Ogden. |
| 250 ## - MENCION DE EDICION | |
| Mención de edición | 3 ed. rev. y amp. |
| 260 ## - PUBLICACIÓN, DISTRIBUCIÓN, ETC. | |
| Lugar de publicación, distribución, etc. | Santiago de Chile : |
| Nombre del editor, distribuidor, etc. | Centro Nacional de Conservación y Restauración, |
| Fecha de publicación, distribución, etc. | 2000. |
| 300 ## - DESCRIPCIÓN FÍSICA | |
| Extensión | 370 p. : |
| Otras características físicas | il. ; |
| Dimensiones | 30 cm. |
| 490 1# - MENCIÓN DE SERIE | |
| Mención de serie | Publicaciones (Centro Nacional de Conservasión y Restauración (Chile)) |
| 500 ## - NOTA GENERAL | |
| Nota general | Ejemplar fotocopiado. |
| 504 ## - NOTA DE BIBLIOGRAFÍA, ETC. | |
| Nota de bibliografía, etc. | Bibliografía. |
| 650 #4 - PUNTO DE ACCESO ADICIONAL DE MATERIA--TÉRMINO DE MATERIA | |
| Término de materia o nombre geográfico como elemento de entrada | Materiales bibliotecarios- |
| Subdivisión general | Preservación. |
| 9 (RLIN) | 175309 |
| 700 1# - ENTRADA AGREGADA--NOMBRE PERSONAL | |
| Nombre de persona | Ogden, Sherelyn. |
| 9 (RLIN) | 175324 |
| 710 2# - ENTRADA AGREGADA--NOMBRE DE ENTIDAD CORPORATIVA | |
| Nombre de entidad corporativa o nombre de jurisdicción como elemento de entrada | Northeast Document Conservation Center. |
| 9 (RLIN) | 175323 |
| 710 2# - ENTRADA AGREGADA--NOMBRE DE ENTIDAD CORPORATIVA | |
| Nombre de entidad corporativa o nombre de jurisdicción como elemento de entrada | Centro Nacional de Conservación y Restauración (Chile) |
| 9 (RLIN) | 175322 |
| 830 1# - PUNTO DE ACCESO ADICIONAL DE SERIE-TÍTULO UNIFORME | |
| Título uniforme | Publicaciones (Centro Nacional de Conservasión y Restauración (Chile)) |
| 9 (RLIN) | 226046 |
| 852 ## - LOCALIZACIÓN | |
| Ubicación | ES-MaACL |
| Número de control de estantería | A-15163 |
| itemnumber | 198860 |
| Ubicación en estantería | Depósito 1 |
| Signatura antigua | Olim: 025.85 man |
| 942 ## - ELEMENTOS DE ENTRADA SECUNDARIOS (KOHA) | |
| Fuente del sistema de clasificación o colocación | Clasificación decimal universal |
| Estatus retirado | Estado de pérdida | Fuente del sistema de clasificación o colocación | Estado de daño | No para préstamo | Biblioteca de origen | Biblioteca actual | Ubicación en estantería | Fecha de adquisición | Total de préstamos | Signatura topográfica completa | Código de barras | Visto por última vez | Precio de reemplazo | Tipo de ítem Koha |
|---|---|---|---|---|---|---|---|---|---|---|---|---|---|---|
| Clasificación decimal universal | Biblioteca del Ateneo de Madrid | Biblioteca del Ateneo de Madrid | Depósito 1 | 30/09/2022 | A-15163 | 1203985 | 23/02/2023 | 23/02/2023 | Libro impreso |
